00545nam a2200193Ii 450000100060000000300090000600800410001502000180005604000330007404100080010708200180011510000180013324500540015126400530020530000120025833600260027033700280029633800270032414771CO-ViMGA241108s9999||||xx |||||||||||||| ||und|| a9789588319255 aCO-ViMGAbspaerdacCO-ViMGA0 aspa04a303.37221 R641 aImmanuel Kant10aConflictos morales y derechos humanos en Colombia 1aBogotá, Colombia : Universidad de Caldas, 2007 avolumen atextbtxt2rdacontent aunmediatedbn2rdamedia avolumebnc2rdacarrier